000 00935cam a2200253 i 4500
005 20230404155645.0
008 230404s2016 enka b 001 0 eng c
020 _a9781118717851 (pbk.)
040 _aWaSeSS/DLC
_beng
_erda
_cWaSeSS
_dDLC
042 _apcc
043 _ae-uk---
082 0 0 _a658.4
_223
110 2 _aChartered Institute of Building (Great Britain),
_eauthor.
245 1 0 _aCode of practice for programme management in the built environment /
_cThe Chartered Institute of Building.
264 1 _aChichester, UK ;
_aHoboken, NJ :
_bJohn Wiley & Sons,
_c2016.
300 _axix, 167 pages :
_billustrations (some color) ;
_c30 cm
336 _atext
_2rdacontent
337 _aunmediated
_2rdamedia
338 _avolume
_2rdacarrier
504 _aIncludes bibliographical references and index.
650 0 _aBuilding
_xSuperintendence
_zGreat Britain.
650 0 _aProject management
_zGreat Britain.
942 _2ddc
999 _c121450
_d121450